Southville International School and Colleges
Your cart is empty.
  • Cart
  • Lists
    Public lists Eva Luna New books Lux_list list_1
    Your lists Log in to create your own lists
  • Log in to your account
  • Your cookies
  • Search history
Southville International School and Colleges
  • Advanced search
  • Recent comments
  • Most popular
  • Libraries

Log in to your account

Log in with GOOGLE


If you do not have an external account, but do have a local account, you can still log in:

  1. Home
  2. MARC view: How much is a million /
Normal view MARC view ISBD view

How much is a million / (Record no. 113534)

[ view plain ]
MARC details
000 -LEADER
fixed length control field 00417nam a2200169 a 4500
001 - CONTROL NUMBER
control field 0635
005 - DATE AND TIME OF LATEST TRANSACTION
control field 20140414132024.0
008 - FIXED-LENGTH DATA ELEMENTS--GENERAL INFORMATION
fixed length control field 040202s19uu xx 00 eng d
020 ## - INTERNATIONAL STANDARD BOOK NUMBER
International Standard Book Number 0-590-43614-7
050 ## - LIBRARY OF CONGRESS CALL NUMBER
Classification number TR
Item number H83 1985
100 ## - MAIN ENTRY--PERSONAL NAME
Personal name Schwartz, David
245 ## - TITLE STATEMENT
Title How much is a million /
Statement of responsibility, etc David Schwartz.
260 ## - PUBLICATION, DISTRIBUTION, ETC. (IMPRINT)
Place of publication, distribution, etc U.S.A :
Name of publisher, distributor, etc Scholastic,
Date of publication, distribution, etc 1985.
300 ## - PHYSICAL DESCRIPTION
Extent p. ; cm.
500 ## - GENERAL NOTE
General note TR/PS
Holdings
Withdrawn status Lost status Damaged status Use restrictions Home library Current library Shelving location Date acquired Source of acquisition Total Checkouts Full call number Barcode Date last seen Price effective from Koha item type
        Munich Library Munich Library Teachers Reference Section 02/02/2004     TR H83 1985 M5116 04/14/2014 04/14/2014 Books

How much is a million /

APA

Schwartz D., . (1985). How much is a million. U.S.A: Scholastic.

Chicago

Schwartz David, . 1985. How much is a million. U.S.A: Scholastic.

Harvard

Schwartz D., . (1985). How much is a million. U.S.A: Scholastic.

MLA

Schwartz David, . How much is a million. U.S.A: Scholastic. 1985.

  • Place hold
  • Print
  • Cite
  • Add to your cart (remove)
  • Save record
    BIBTEX Dublin Core MARCXML MARC (non-Unicode/MARC-8) MARC (Unicode/UTF-8) MARC (Unicode/UTF-8, Standard) MODS (XML) RIS
  • More searches
    Search for this title in:
    Other Libraries (WorldCat) Other Databases (Google Scholar) Online Stores (Bookfinder.com) Open Library (openlibrary.org)

Exporting to Dublin Core...

SOUTHVILLE LIBRARY

Southville International School and Colleges Library

1281 Tropical Ave. Cor. Luxembourg St., BF Homes International, Las Pinas City

Tel. No. 8256374 / 252358 Loc. 117/146

Powered by Koha